000 00349nam a2200109Ia 4500
008 250110s9999 xx 000 0 und d
041 _aeng
100 _aDudgikar S.
_9182048
245 _aLandscape Development Proposal For An Institutional Campus : At Solapur
260 _bM Arch Landscape, Pune
_c2009
700 _aGuide Name:Madkaikar Ajit
_9209695
999 _c362885
_d362885